Every single organ in the digestive system - Statistics

General Stats
  • This quiz has been taken 69 times
  • The average score is 13 of 16
Answer Stats
Hint Answer % Correct
What the first 3 answers are in. Mouth
100%
Chews food in our mouth. Teeth
98%
Has taste receptors. Tongue
95%
Produces bile. Liver
93%
Releases waste into the outside world. Anus
90%
Where the last digestion happens. Turns food into waste. Large Intestine
88%
Breaks the food down with enzymes. Stomach
88%
Turns food into nutrients and minerals. Small Intestine
84%
Produces enzymes and hormones. Pancreas
81%
Produces saliva to soften the food. Salivary Glands
81%
Moves food via Peristalsis Esophagus
79%
Transports bile. Gallbladder
74%
Accessory organ. Appendix
62%
Protects the lungs to prevent choking. Epiglottis
53%
Delivers food to the food tube. Throat
52%
It mixes food with bile and enzymes. Duodenum
41%
No matching quizzes found
Score Distribution
Percent of People with Each Score
Percentile by Number Answered
Your Score History
You have not taken this quiz